00323nam a2200097Ia 4500008004100000100002600041245006400067260006300131650001200194999001900206160725s9999 xx 000 0 und d aJimenez, Ana Maria Y. aReflective commentaries of three teaching/ learning events. bKaizen Research Journal College of NursingcSeptember 2012 aNURSING c298017d298017